000 00704cam a22002531a 4500
001 17130
003 BD-RjUL
005 20211209000107.0
008 140216s1938 nyu 000 1 eng
035 _a(BD-RjUL)17187
035 _a(OCoLC)3584826
040 _aDLC
_cNmU
_dDLC
_dBD-RjUL
_beng
041 _aeng
082 0 4 _219
_a813.5
_bCOB 1938
100 1 _aCorle, Edwin,
_d1906-1956.
_952841
245 1 0 _aBurro alley /
_cby Edwin Corle.
260 _aNew York :
_bRandom House,
_cc1938.
300 _a279 p. ;
_c21 cm.
650 0 _a New Mexico
_vFiction.
_952842
651 0 _aNew Mexico
_xFiction.
_952843
942 _2ddc
_cBK
999 _c17130
_d17130